EL PROBLEMA DEL INDIO
I tiakina i:
| Kaituhi matua: | |
|---|---|
| Hōputu: | Pukapuka |
| Rangatū: | BIBLIOTECA S.E.P.
|
| Ngā marau: | |
| Ngā Tūtohu: |
Kāore He Tūtohu, Me noho koe te mea tuatahi ki te tūtohu i tēnei pūkete!
|
MARC
| LEADER | 00000nam^a2200000^a^4500 | ||
|---|---|---|---|
| 001 | 000214386 | ||
| 005 | 20250521000000.0 | ||
| 009 | 20260310103554.122 | ||
| 035 | |a 037184 | ||
| 037 | |a Acervo Xavier Clavigero | ||
| 082 | |a 393. 0 LOM | ||
| 100 | |a Lombardo Toledano, Vicente |e (autor) | ||
| 245 | 1 | 3 | |a EL PROBLEMA DEL INDIO |
| 264 | |a MEXICO : |b SEPSETENTEAS, |c 1973 | ||
| 300 | |a 207p. : |b retrs. | ||
| 336 | |a texto |b txt |2 rdacontenido | ||
| 337 | |a sin mediación |b n |2 rdamedio | ||
| 338 | |a volumen |b nc |2 rdasoporte | ||
| 440 | |a BIBLIOTECA S.E.P. | ||
| 649 | |a XX | ||
| 650 | |a Indígenas de México | ||
| 910 | |a Fondo General | ||
| 920 | |a Impresos - Libros | ||
| 930 | |a Colección General | ||
| 905 | |a 101 | ||
| 901 | |a 037184 |b IT1 |c ACC |i 037184 |u 20250521 | ||
| 902 | |a https://opac.biblio.iteso.mx/vufind/Record/000214386 | ||